Central Library OPAC University of Rajshahi

কবি জীবনানন্দ দাশ / (Record no. 64147)

MARC details
000 -LEADER
fixed length control field 00858nam a2200217 a 4500
001 - CONTROL NUMBER
control field 64147
003 - CONTROL NUMBER IDENTIFIER
rucl marc code BD-RjUL
005 - DATE AND TIME OF LATEST TRANSACTION
control field 20211209081257.0
008 - FIXED-LENGTH DATA ELEMENTS--GENERAL INFORMATION
fixed length control field 170130r19741970ii ||||| |||| 00| p ben d
035 ## - SYSTEM CONTROL NUMBER
System control number (BD-RjUL)64277
040 ## - CATALOGING SOURCE
Original cataloging agency BD-RjUL
Language of cataloging ben
Transcribing agency BD-RjUL
Modifying agency BD-RjUL
041 ## - LANGUAGE CODE
Language code of text/sound track or separate title ben
082 ## - DEWEY DECIMAL CLASSIFICATION NUMBER
Edition number 23
Classification number 891.44109
Author mark and year BHK 1974
100 ## - MAIN ENTRY--PERSONAL NAME
Personal name ভট্টাচার্য, সঞ্জয়
9 (RLIN) 170417
245 10 - TITLE STATEMENT
Title কবি জীবনানন্দ দাশ /
Statement of responsibility, etc. সঞ্জয় ভট্টাচার্য
260 ## - PUBLICATION, DISTRIBUTION, ETC. (IMPRINT)
Place of publication, distribution, etc. কলকাতা :
Name of publisher, distributor, etc. ভাবরি,
Date of publication, distribution, etc. ১৯৭০ [মুদ্রণ ১৯৭৪]
300 ## - PHYSICAL DESCRIPTION
Pagination ১৪৮ পৃ. ;
Size ২৩ সেমি.
650 ## - SUBJECT ADDED ENTRY--TOPICAL TERM
Topical term or geographic name as entry element বাংলা কবিতা
9 (RLIN) 179513
Form subdivision ইতিহাস ও সমালোচনা
Topical term or geographic name as entry element Bengali Poetry
9 (RLIN) 179514
Form subdivision History and Criticism
942 ## - ADDED ENTRY ELEMENTS (KOHA)
Source of classification or shelving scheme Dewey Decimal Classification
Koha item type Books
Holdings
Lost status Source of classification or shelving scheme Damaged status Not for loan Collection code Permanent Location Current Location Shelving location Date acquired Source of acquisition Cost, normal purchase price Total Checkouts Full call number Date last seen Copy number Koha item type Date checked out
  Dewey Decimal Classification   Not For Loan Non-fiction Central Library, University of Rajshahi Central Library, University of Rajshahi Reading Room 13/08/1982 Aligor library, Rajshahi 27.00   B 891.44109 BHK 1974 09/02/2017 C-1 Books  
  Dewey Decimal Classification     Non-fiction Central Library, University of Rajshahi Central Library, University of Rajshahi   16/11/1979 India, int, Calcutta 9.00 4 B 891.44109 BHK 1974 19/03/2024 C-2 Books 12/03/2024